[Event "Florianopolis op 9th"]
[Site "Florianopolis"]
[Date "2023.01.29"]
[Round "10"]
[White "Garcia, Erich Douglas Ribei"]
[Black "Carvalho, Eduardo Meireles"]
[Result "0-1"]
[WhiteElo "1427"]
[BlackElo "1812"]
[PlyCount "82"]
[EventDate "2023.01.23"]
[EventType "swiss"]
[EventRounds "10"]
[EventCountry "BRA"]
[SourceTitle "CBM 212 Extra"]
[Source "ChessBase"]
[SourceDate "2023.03.31"]
[SourceVersion "1"]
[SourceVersionDate "2023.03.31"]
[SourceQuality "1"]

1. d4 Nf6 2. c4 e5 3. e3 Ne4 4. Nf3 Bb4+ 5. Bd2 Nxd2 6. Nbxd2 e4 7. Ng1 d5 8. cxd5 Qxd5 9. a3 Bxd2+ 10. Qxd2 Bf5 11. Ne2 Nc6 12. Nc3 Qd7 13. Bc4 Rd8 14. Qc2 0-0 15. b4 h6 16. Rc1 Rfe8 17. 0-0 Ne7 18. Qa2 Ng6 19. Ne2 c6 20. Ng3 Be6 21. Bxe6 Rxe6 22. Rc3 Nh4 23. Rfc1 Rg6 24. h3 Qc8 25. b5 Nf3+ 26. Kh1 Ng5 27. Kh2 Rdd6 28. h4 Nh7 29. Qe2 Rg4 30. bxc6 Rxh4+ 31. Kg1 bxc6 32. d5 Ng5 33. f3 exf3 34. gxf3 Qh3 35. Qg2 Nxf3+ 36. Kf2 Qxg2+ 37. Kxg2 Ne5 38. dxc6 Rd2+ 39. Kf1 Rhh2 40. Ne2 Rdxe2 41. c7 Rhf2+ 0-1

[Event "Florianopolis op 9th"]
[Site "Florianopolis"]
[Date "2023.01.28"]
[Round "8"]
[White "Garcia, Erich Douglas Ribei"]
[Black "Souza Jr, Helemberg Cubica De"]
[Result "1/2-1/2"]
[WhiteElo "1427"]
[BlackElo "1720"]
[PlyCount "51"]
[EventDate "2023.01.23"]
[EventType "swiss"]
[EventRounds "10"]
[EventCountry "BRA"]
[SourceTitle "CBM 212 Extra"]
[Source "ChessBase"]
[SourceDate "2023.03.31"]
[SourceVersion "1"]
[SourceVersionDate "2023.03.31"]
[SourceQuality "1"]

1. d4 Nf6 2. c4 e6 3. Nc3 Bb4 4. a3 Bxc3+ 5. bxc3 Nc6 6. Nf3 b6 7. e3 Ba6 8. Bd3 Na5 9. Qe2 0-0 10. Nd2 Re8 11. e4 e5 12. d5 d6 13. 0-0 Rc8 14. Re1 c6 15. Bb2 cxd5 16. cxd5 Bxd3 17. Qxd3 Nb7 18. Nb3 a5 19. a4 Nd7 20. Ba3 Ndc5 21. Nxc5 Nxc5 22. Bxc5 Rxc5 23. Rec1 Qc7 24. Ra3 Ra8 25. f3 Rc4 26. Qe3 1/2-1/2

[Event "Florianopolis op 9th"]
[Site "Florianopolis"]
[Date "2023.01.25"]
[Round "4"]
[White "Garcia, Erich Douglas Ribei"]
[Black "Lazzarotti, Calebe Kadlubiski"]
[Result "0-1"]
[WhiteElo "1427"]
[BlackElo "1801"]
[PlyCount "74"]
[EventDate "2023.01.23"]
[EventType "swiss"]
[EventRounds "10"]
[EventCountry "BRA"]
[SourceTitle "CBM 212 Extra"]
[Source "ChessBase"]
[SourceDate "2023.03.31"]
[SourceVersion "1"]
[SourceVersionDate "2023.03.31"]
[SourceQuality "1"]

1. d4 d5 2. c4 e6 3. Nc3 Nf6 4. Nf3 Be7 5. Bf4 0-0 6. e3 b6 7. cxd5 exd5 8. Bd3 Bg4 9. h3 Bh5 10. Rc1 Nbd7 11. 0-0 c5 12. Be2 c4 13. b3 Rc8 14. bxc4 dxc4 15. Qa4 a5 16. g4 Bg6 17. Bxc4 Bb4 18. Nb5 Be4 19. Be2 Nd5 20. Bg3 f5 21. Bh4 Qe8 22. a3 Rxc1 23. Rxc1 fxg4 24. Ng5 Be7 25. Nxe4 Bxh4 26. Nbd6 Bxf2+ 27. Kh2 g3+ 28. Kg2 Nxe3+ 29. Kh1 g2+ 30. Kh2 g1Q+ 31. Rxg1 Bxg1+ 32. Kxg1 Qg6+ 33. Bg4 Nxg4 34. Qb3+ Kh8 35. hxg4 Qxg4+ 36. Kh2 Qe2+ 37. Kh3 Rf3+ 0-1

[Event "Florianopolis op 9th"]
[Site "Florianopolis"]
[Date "2023.01.24"]
[Round "2"]
[White "Garcia, Erich Douglas Ribei"]
[Black "Furtado, Ian"]
[Result "1-0"]
[WhiteElo "1427"]
[BlackElo "1584"]
[PlyCount "37"]
[EventDate "2023.01.23"]
[EventType "swiss"]
[EventRounds "10"]
[EventCountry "BRA"]
[SourceTitle "CBM 212 Extra"]
[Source "ChessBase"]
[SourceDate "2023.03.31"]
[SourceVersion "1"]
[SourceVersionDate "2023.03.31"]
[SourceQuality "1"]

1. d4 d5 2. c4 e6 3. Nc3 Bb4 4. a3 Bd6 5. cxd5 exd5 6. Nxd5 Bxh2 7. e4 Bd6 8. Bc4 Nf6 9. Bg5 Be7 10. Bxf6 Bxf6 11. e5 Be7 12. Qf3 0-0 13. Bd3 h6 14. 0-0-0 Bg5+ 15. Kb1 Be6 16. Nc3 Nc6 17. d5 Nxe5 18. Qe4 Bxd5 19. Qh7# 1-0

[Event "Rio de Janeiro Duchamp op 4th"]
[Site "Rio de Janeiro"]
[Date "2022.12.11"]
[Round "6"]
[White "Garcia, Erich Douglas Ribei"]
[Black "Motta, Vinicius Araujo Dia"]
[Result "0-1"]
[WhiteElo "1429"]
[BlackElo "1580"]
[PlyCount "50"]
[EventDate "2022.12.07"]
[EventType "swiss"]
[EventRounds "9"]
[EventCountry "BRA"]
[SourceTitle "CBM 211 Extra"]
[Source "ChessBase"]
[SourceDate "2023.01.31"]
[SourceVersion "1"]
[SourceVersionDate "2023.01.31"]
[SourceQuality "1"]

1. d4 Nf6 2. c4 e6 3. Nc3 Bb4 4. a3 Bxc3+ 5. bxc3 d5 6. c5 0-0 7. e3 b6 8. cxb6 cxb6 9. Nf3 Qc7 10. Bb2 Bb7 11. Rc1 Nbd7 12. c4 Qd6 13. cxd5 Bxd5 14. Bd3 Rac8 15. 0-0 Rxc1 16. Bxc1 Rc8 17. Bb2 Ne4 18. Nd2 Ndf6 19. Nxe4 Bxe4 20. Bxe4 Nxe4 21. f3 Nf6 22. Qd2 h6 23. Rc1 Rc6 24. e4 Qd7 25. Rxc6 Qxc6 0-1

[Event "Niteroi op 2nd"]
[Site "Niteroi"]
[Date "2022.09.04"]
[Round "5"]
[White "Garcia, Erich Douglas Ribei"]
[Black "Stival da Silva, Javier Rodrigo"]
[Result "0-1"]
[WhiteElo "1427"]
[BlackElo "1807"]
[PlyCount "88"]
[EventDate "2022.09.01"]
[EventType "swiss"]
[EventRounds "9"]
[EventCountry "BRA"]
[SourceTitle "CBM 210 Extra"]
[Source "ChessBase"]
[SourceDate "2022.11.30"]
[SourceVersion "1"]
[SourceVersionDate "2022.11.30"]
[SourceQuality "1"]

1. d4 Nf6 2. c4 e6 3. g3 d5 4. Bg2 Be7 5. Nc3 0-0 6. e3 b6 7. Nge2 Bb7 8. 0-0 Re8 9. a3 c6 10. b4 dxc4 11. Bb2 Nbd7 12. Qc2 Bf8 13. Rad1 Qc7 14. e4 b5 15. h3 Rad8 16. e5 Nd5 17. Bxd5 exd5 18. f4 a5 19. f5 axb4 20. axb4 Bxb4 21. Nf4 Bxc3 22. Qxc3 c5 23. e6 Nf6 24. exf7+ Qxf7 25. Ne6 Rxe6 26. fxe6 Qxe6 27. Rde1 Qxh3 28. Qf3 Qd7 29. Re2 b4 30. Rfe1 Re8 31. Rxe8+ Nxe8 32. Qe3 Nf6 33. dxc5 c3 34. Bc1 d4 35. Qe6+ Qxe6 36. Rxe6 d3 37. c6 d2 38. Bxd2 cxd2 39. Rd6 Bxc6 40. Rxd2 b3 41. Rb2 Bd5 42. Kf1 Kf7 43. Ke2 Ke6 44. Ke3 Ke5 0-1

[Event "Caxambu Casa do Xadrez op"]
[Site "Caxambu"]
[Date "2022.07.24"]
[Round "5"]
[White "Garcia, Erich Douglas Ribei"]
[Black "Haddad Filho, Paulo Ibrahim"]
[Result "0-1"]
[WhiteElo "1430"]
[BlackElo "1857"]
[PlyCount "102"]
[EventDate "2022.07.22"]
[EventType "swiss"]
[EventRounds "6"]
[EventCountry "BRA"]
[SourceTitle "CBM 209 Extra"]
[Source "ChessBase"]
[SourceDate "2022.09.30"]
[SourceVersion "1"]
[SourceVersionDate "2022.09.30"]
[SourceQuality "1"]

1. d4 Nf6 2. g3 d5 3. Nf3 c5 4. e3 Nc6 5. Bg2 Bg4 6. c3 e6 7. 0-0 Bd6 8. Re1 Ne4 9. Nbd2 f5 10. Qa4 0-0 11. Nb3 c4 12. Nbd2 a6 13. Qc2 b5 14. a3 a5 15. b3 cxb3 16. Qxb3 Rb8 17. Bf1 a4 18. Qc2 Na5 19. Be2 Qe7 20. Kg2 Rfc8 21. Nxe4 Bxf3+ 22. Bxf3 fxe4 23. Be2 Nb3 24. Ra2 Qc7 25. Bb2 Qa5 26. Bg4 Kf7 27. Rf1 Ke7 28. f3 exf3+ 29. Rxf3 g6 30. Qf2 Rf8 31. Rxf8 Rxf8 32. Qe2 Qd8 33. Qxb5 Nd2 34. Bc1 Ne4 35. Qd3 Qa5 36. Rc2 Rf6 37. Bf3 Ng5 38. Rf2 Qb6 39. h4 Nxf3 40. Rxf3 Rxf3 41. Kxf3 Qb3 42. e4 dxe4+ 43. Qxe4 Qxc3+ 44. Qe3 Qxe3+ 45. Kxe3 Bxg3 46. h5 gxh5 47. Kf3 h4 48. Kg4 h5+ 49. Kh3 Kd6 50. Bd2 Kd5 51. Kg2 Kc4 0-1

[Event "BRA-ch Amateur U1600"]
[Site "Sao Paulo"]
[Date "2022.06.18"]
[Round "5"]
[White "De Azevedo Filho, Wilson"]
[Black "Garcia, Erich Douglas Ribei"]
[Result "1/2-1/2"]
[WhiteElo "1185"]
[BlackElo "1446"]
[PlyCount "99"]
[EventDate "2022.06.16"]
[EventType "swiss"]
[EventRounds "7"]
[EventCountry "BRA"]
[SourceTitle "CBM 208 Extra"]
[Source "ChessBase"]
[SourceDate "2022.07.31"]
[SourceVersion "1"]
[SourceVersionDate "2022.07.31"]
[SourceQuality "1"]

1. d4 d5 2. Bf4 Bf5 3. Nf3 e6 4. e3 Bd6 5. Bxd6 Qxd6 6. c3 h6 7. Bd3 Bxd3 8. Qxd3 Nf6 9. Nbd2 0-0 10. 0-0 Nbd7 11. Rfe1 Qb6 12. Qc2 c5 13. Rab1 cxd4 14. exd4 Rac8 15. Qa4 Qc6 16. Qd1 b5 17. Ne5 Nxe5 18. Rxe5 a5 19. Nb3 Qc7 20. Rc1 Nd7 21. Re3 a4 22. Nd2 Nb6 23. Rg3 Nc4 24. Nxc4 Qxc4 25. Qg4 g6 26. Rh3 Kg7 27. Qh4 Rh8 28. Rf3 Qc7 29. Qf6+ Kg8 30. Re1 Re8 31. Rg3 Kh7 32. Re5 Qe7 33. Qxe7 Rxe7 34. h4 h5 35. f4 Rb7 36. Re2 Rc8 37. Rge3 b4 38. Rc2 Rbc7 39. Ree2 Kg7 40. Kf2 a3 41. bxa3 bxa3 42. Ke3 Rb8 43. Kd3 Rcb7 44. c4 dxc4+ 45. Rxc4 Rb2 46. Rcc2 Rxc2 47. Rxc2 Kf6 48. Ke4 Ke7 49. g3 Kd6 50. Rc3 1/2-1/2

[Event "Rio de Janeiro op"]
[Site "Rio de Janeiro"]
[Date "2022.04.23"]
[Round "5"]
[White "Garcia, Erich Douglas Ribei"]
[Black "Costa, Harry Andriolo"]
[Result "1/2-1/2"]
[WhiteElo "1422"]
[BlackElo "1847"]
[PlyCount "131"]
[EventDate "2022.04.21"]
[EventType "swiss"]
[EventRounds "6"]
[EventCountry "BRA"]
[SourceTitle "EXT 2023"]
[Source "ChessBase"]
[SourceDate "2022.10.05"]
[SourceVersion "1"]
[SourceVersionDate "2022.10.05"]
[SourceQuality "1"]

1. d4 Nf6 2. c4 g6 3. Nc3 Bg7 4. Nf3 0-0 5. e4 d6 6. Be2 Nbd7 7. 0-0 e5 8. d5 a5 9. Qc2 Nc5 10. h3 h6 11. Be3 b6 12. a3 Nh5 13. b4 Nd7 14. Qd2 Kh7 15. Nh2 Nf4 16. Bxf4 exf4 17. Rab1 f5 18. exf5 Rxf5 19. Bd3 Rf7 20. Nf3 Qf6 21. Ne4 Qe7 22. Rfe1 Ne5 23. Nxe5 Bxe5 24. f3 Bd4+ 25. Kh2 Be3 26. Qc3 axb4 27. axb4 Qh4 28. Re2 Rf5 29. b5 Re5 30. Ra1 Rxa1 31. Qxa1 Bf5 32. Qb1 Kg7 33. Qe1 Qe7 34. Qb1 h5 35. Qe1 g5 36. Qb1 g4 37. Nc3 g3+ 38. Kh1 Bd7 39. Qf1 Bd4 40. Ne4 Qh4 41. Bb1 Kh6 42. Bd3 Re7 43. Bb1 Rg7 44. Bd3 Rg8 45. Ra2 Rb8 46. Bb1 Bf5 47. Bd3 Qd8 48. Ra6 Bc8 49. Ra2 Bb7 50. Qc1 Qh4 51. Qf1 Ra8 52. Rxa8 Bxa8 53. Qb1 Bb7 54. Qf1 Bc8 55. Bb1 Bf5 56. Bd3 Bxe4 57. Bxe4 Qe7 58. Qd3 Qe5 59. Qb1 Bf2 60. Bh7 Kg5 61. Bd3 Kh4 62. Qd1 Be3 63. Qb1 Qc3 64. Qd1 Qb2 65. Qb1 Qf2 66. Qf1 1/2-1/2

[Event "Florianopolis op 6th"]
[Site "Florianopolis"]
[Date "2020.01.26"]
[Round "10"]
[White "Garcia, Erich Douglas Ribei"]
[Black "Gadea, Fernando Pablo"]
[Result "0-1"]
[WhiteElo "1453"]
[BlackElo "1748"]
[PlyCount "66"]
[EventDate "2020.01.20"]
[EventType "swiss"]
[EventRounds "10"]
[EventCountry "BRA"]
[SourceTitle "CBM 194 Extra"]
[Source "ChessBase"]
[SourceDate "2020.03.31"]
[SourceVersion "1"]
[SourceVersionDate "2020.03.31"]
[SourceQuality "1"]

1. d4 Nf6 2. c4 e6 3. a3 Be7 4. Nc3 d5 5. c5 b6 6. b4 a5 7. Bf4 Bd7 8. h3 0-0 9. Nf3 c6 10. e3 Na6 11. Bxa6 Rxa6 12. 0-0 b5 13. Qd3 Qa8 14. Qb1 Qa7 15. bxa5 Rxa5 16. Qb2 Ra8 17. Ne5 Be8 18. g4 Rxa3 19. Rxa3 Qxa3 20. Qxa3 Rxa3 21. Nxb5 cxb5 22. Rc1 Ra8 23. Rb1 Ne4 24. Nd3 g5 25. Bh2 Nd2 26. Rc1 Nf3+ 27. Kg2 Nxh2 28. Kxh2 Bd8 29. Rb1 f6 30. Nb4 Bc7+ 31. Kg2 Kf8 32. Rb2 Ke7 33. Rb1 Ra4 0-1

[Event "Florianopolis op 6th"]
[Site "Florianopolis"]
[Date "2020.01.25"]
[Round "9"]
[White "Almeida, Bianca Martins"]
[Black "Garcia, Erich Douglas Ribei"]
[Result "0-1"]
[WhiteElo "1175"]
[BlackElo "1453"]
[PlyCount "68"]
[EventDate "2020.01.20"]
[EventType "swiss"]
[EventRounds "10"]
[EventCountry "BRA"]
[SourceTitle "CBM 194 Extra"]
[Source "ChessBase"]
[SourceDate "2020.03.31"]
[SourceVersion "1"]
[SourceVersionDate "2020.03.31"]
[SourceQuality "1"]

1. e4 c6 2. Nf3 d5 3. exd5 cxd5 4. d4 Bf5 5. Bb5+ Nc6 6. Bxc6+ bxc6 7. Nc3 Nf6 8. 0-0 h6 9. h3 e6 10. a3 Bd6 11. Re1 0-0 12. Ne5 Qc8 13. Bf4 Qc7 14. Ne2 Nh5 15. g4 Nxf4 16. Nxf4 Bh7 17. Nfd3 f6 18. Nf3 Rfe8 19. Qe2 Re7 20. b3 Rae8 21. c4 Qd7 22. Nc5 Bxc5 23. dxc5 d4 24. Rad1 e5 25. b4 d3 26. Qa2 e4 27. Nd2 f5 28. Re3 f4 29. Nf1 fxe3 30. Nxe3 h5 31. gxh5 Rf7 32. a4 Ref8 33. Rd2 Rf6 34. b5 a6 0-1

[Event "Florianopolis op 6th"]
[Site "Florianopolis"]
[Date "2020.01.22"]
[Round "4"]
[White "Zacarias, Rodrigo Medeiros"]
[Black "Garcia, Erich Douglas Ribei"]
[Result "1-0"]
[WhiteElo "2095"]
[BlackElo "1453"]
[PlyCount "63"]
[EventDate "2020.01.20"]
[EventType "swiss"]
[EventRounds "10"]
[EventCountry "BRA"]
[SourceTitle "CBM 194 Extra"]
[Source "ChessBase"]
[SourceDate "2020.03.31"]
[SourceVersion "1"]
[SourceVersionDate "2020.03.31"]
[SourceQuality "1"]

1. e4 c6 2. d4 d5 3. exd5 cxd5 4. Bd3 Nc6 5. Nf3 e6 6. Bf4 Nf6 7. 0-0 a6 8. Nc3 Be7 9. Re1 0-0 10. Ne5 Nxe5 11. dxe5 Nd7 12. Re3 g6 13. Rh3 b5 14. Qd2 Re8 15. Re1 f5 16. exf6 Bxf6 17. Bd6 Nf8 18. Bxf8 Rxf8 19. Qh6 Qd7 20. Rf3 Qg7 21. Qd2 Bd7 22. Nd1 e5 23. Bf1 Bc6 24. Rc3 Rac8 25. Rxc6 d4 26. Rxa6 Qb7 27. Ra5 Qc6 28. Bxb5 Qxc2 29. Qxc2 Rxc2 30. Bd3 Rc1 31. Ra4 Bg5 32. Rc4 1-0

[Event "Florianopolis op 6th"]
[Site "Florianopolis"]
[Date "2020.01.21"]
[Round "3"]
[White "Garcia, Erich Douglas Ribei"]
[Black "Peroza, Eduardo Antunes"]
[Result "0-1"]
[WhiteElo "1453"]
[BlackElo "1712"]
[PlyCount "82"]
[EventDate "2020.01.20"]
[EventType "swiss"]
[EventRounds "10"]
[EventCountry "BRA"]
[SourceTitle "CBM 194 Extra"]
[Source "ChessBase"]
[SourceDate "2020.03.31"]
[SourceVersion "1"]
[SourceVersionDate "2020.03.31"]
[SourceQuality "1"]

1. d4 f5 2. c4 Nf6 3. Nc3 g6 4. Nf3 Bg7 5. e3 0-0 6. Bd3 Nc6 7. 0-0 d6 8. a3 e5 9. Bc2 e4 10. Nd2 Qe7 11. f3 exf3 12. Nxf3 Bd7 13. b4 Rae8 14. Qd3 Ng4 15. Nd5 Qd8 16. h3 Nf6 17. Nxf6+ Qxf6 18. Rb1 f4 19. e4 Nxd4 20. Bb2 Nxf3+ 21. Qxf3 Qf7 22. Bxg7 Qxg7 23. Qd3 Rf7 24. Kh2 Qe5 25. Kh1 Bc6 26. Rbe1 Rfe7 27. Qb3 Kg7 28. b5 Bd7 29. a4 Rf8 30. Rf2 Be6 31. Ref1 Ref7 32. Qd3 h5 33. Rd2 g5 34. Qd4 Qxd4 35. Rxd4 f3 36. gxf3 Rxf3 37. Rxf3 Rxf3 38. Rd3 Rxd3 39. Bxd3 Bxh3 40. Kh2 Be6 41. Be2 h4 0-1

[Event "Florianopolis op 6th"]
[Site "Florianopolis"]
[Date "2020.01.21"]
[Round "2"]
[White "Rahn, Marlon Cristiano"]
[Black "Garcia, Erich Douglas Ribei"]
[Result "0-1"]
[WhiteElo "1174"]
[BlackElo "1453"]
[PlyCount "68"]
[EventDate "2020.01.20"]
[EventType "swiss"]
[EventRounds "10"]
[EventCountry "BRA"]
[SourceTitle "CBM 194 Extra"]
[Source "ChessBase"]
[SourceDate "2020.03.31"]
[SourceVersion "1"]
[SourceVersionDate "2020.03.31"]
[SourceQuality "1"]

1. e4 c6 2. d4 d5 3. exd5 cxd5 4. Bd3 Nc6 5. c3 Nf6 6. Ne2 e6 7. Be3 Bd6 8. Nd2 0-0 9. 0-0 Re8 10. Nf3 a6 11. a4 Bd7 12. Qc2 h6 13. b4 Rc8 14. Qd2 Ne4 15. Bxe4 dxe4 16. Ne1 Ne7 17. Bxh6 gxh6 18. Qxh6 Ng6 19. Ng3 Bf4 20. Qh5 Kg7 21. Qe2 f5 22. Nh5+ Kf7 23. Nxf4 Nxf4 24. Qe3 Ng6 25. g3 Rh8 26. Ng2 Qg8 27. Rfc1 Qh7 28. h4 Rcg8 29. c4 Nxh4 30. Nxh4 Qxh4 31. Kf1 Qh1+ 32. Ke2 Qg2 33. Rg1 Qf3+ 34. Qxf3 exf3+ 0-1

[Event "BRA-ch Amateur U1600"]
[Site "Sao Paulo"]
[Date "2019.06.22"]
[Round "5"]
[White "Garcia, Erich Douglas Ribei"]
[Black "De Souza, Paulo H Pinheiro"]
[Result "1/2-1/2"]
[WhiteElo "1425"]
[BlackElo "1581"]
[PlyCount "103"]
[EventDate "2019.06.20"]
[EventType "swiss"]
[EventRounds "7"]
[EventCountry "BRA"]
[SourceTitle "CBM 195 Extra"]
[Source "ChessBase"]
[SourceDate "2020.05.31"]
[SourceVersion "1"]
[SourceVersionDate "2020.05.31"]
[SourceQuality "1"]

1. d4 Nf6 2. c4 e6 3. Nc3 Bb4 4. a3 Bxc3+ 5. bxc3 d5 6. cxd5 exd5 7. e3 Bf5 8. Nf3 0-0 9. Be2 c5 10. 0-0 c4 11. Nd2 Nc6 12. Re1 Re8 13. h3 Qa5 14. Bb2 Qd8 15. Bf3 b5 16. g4 Bg6 17. Bg2 Qd7 18. f4 Be4 19. Nxe4 Nxe4 20. Qf3 Rad8 21. Rad1 a5 22. Qe2 Rb8 23. Bxe4 Rxe4 24. Rb1 b4 25. axb4 axb4 26. cxb4 Rxb4 27. Bc3 Rxb1 28. Rxb1 h5 29. f5 Qe7 30. Kf2 Qh4+ 31. Kg2 hxg4 32. Rh1 Qg5 33. Bd2 gxh3+ 34. Kf1 Nxd4 35. Qf2 Nxf5 36. Rxh3 Qg4 37. Rf3 g6 38. Bc3 Nxe3+ 39. Rxe3 Qd1+ 40. Be1 Rxe3 41. Qxe3 Qd3+ 42. Qxd3 cxd3 43. Kf2 Kf8 44. Ke3 Ke7 45. Kxd3 Kf6 46. Kd4 g5 47. Bd2 g4 48. Bf4 Kf5 49. Be3 Kf6 50. Bf4 Kf5 51. Be3 Kf6 52. Bf4 1/2-1/2

[Event "BRA-ch Amateur U1600"]
[Site "Sao Paulo"]
[Date "2019.06.21"]
[Round "4"]
[White "Barberi, Catarina"]
[Black "Garcia, Erich Douglas Ribei"]
[Result "0-1"]
[WhiteElo "1167"]
[BlackElo "1425"]
[PlyCount "86"]
[EventDate "2019.06.20"]
[EventType "swiss"]
[EventRounds "7"]
[EventCountry "BRA"]
[SourceTitle "CBM 195 Extra"]
[Source "ChessBase"]
[SourceDate "2020.05.31"]
[SourceVersion "1"]
[SourceVersionDate "2020.05.31"]
[SourceQuality "1"]

1. d4 d5 2. c4 e6 3. Nf3 c5 4. cxd5 exd5 5. e3 Nc6 6. Nc3 Nf6 7. Be2 Bd6 8. 0-0 a6 9. h3 Bd7 10. Re1 0-0 11. dxc5 Bxc5 12. Nxd5 Bf5 13. Nxf6+ Qxf6 14. g4 Bg6 15. Qb3 Nb4 16. Bd1 Nd3 17. Rf1 b5 18. Ne1 Ne5 19. Be2 Be4 20. f3 Bb7 21. Kg2 Qh4 22. e4 Ng6 23. Nd3 Bd6 24. e5 Nxe5 25. Bf4 Rfe8 26. Bg3 Qe7 27. Rae1 Nc4 28. Bd1 Qd7 29. Rxe8+ Rxe8 30. Qc2 Ne3+ 31. Kf2 Nxc2 32. Bxc2 Bxg3+ 33. Kxg3 Qc7+ 34. Kh4 Qxc2 35. Nf4 Qxb2 36. Rd1 Bxf3 37. Rd3 Be4 38. Re3 Qf2+ 39. Rg3 Qxf4 40. Ra3 f6 41. Rxa6 Qf2+ 42. Kh5 Re5+ 43. g5 Rxg5# 0-1

[Event "BRA-ch Amateur U1600"]
[Site "Sao Paulo"]
[Date "2018.06.03"]
[Round "7"]
[White "Ferreira, Caio Tulio Moreira"]
[Black "Garcia, Erich Douglas Ribei"]
[Result "0-1"]
[WhiteElo "1538"]
[BlackElo "1372"]
[PlyCount "75"]
[EventDate "2018.05.31"]
[EventType "swiss"]
[EventRounds "7"]
[EventCountry "BRA"]
[SourceTitle "EXT 2021"]
[Source "ChessBase"]
[SourceDate "2020.10.23"]
[SourceVersion "1"]
[SourceVersionDate "2020.10.23"]
[SourceQuality "1"]

1. e4 c6 2. Nf3 d5 3. Nc3 dxe4 4. Nxe4 Bf5 5. Ng3 Bg6 6. h4 h6 7. Ne5 Qd6 8. Nxg6 Qxg6 9. d4 Nd7 10. Be3 Qd6 11. Bc4 Ngf6 12. c3 e6 13. 0-0 Be7 14. Bd3 0-0 15. Bc4 Rad8 16. Qd2 Nd5 17. Bxd5 Qxd5 18. b3 Qa5 19. h5 Nf6 20. b4 Qc7 21. Qb2 Bd6 22. f4 Nd5 23. Qc1 Nxe3 24. Qxe3 Qe7 25. a4 Qh4 26. b5 cxb5 27. axb5 Bb8 28. Qf3 Rd7 29. Ne4 Rd5 30. Nc5 Rxh5 31. Nd7 Rd8 32. Nxb8 Rxb8 33. Rxa7 Rxb5 34. Rfa1 Rb2 35. Qe4 g6 36. Ra8 Rxa8 37. Rxa8+ Kh7 38. Qe5 0-1

[Event "Pocos de Caldas op"]
[Site "Pocos de Caldas"]
[Date "2018.03.04"]
[Round "5"]
[White "Garcia, Erich Douglas Ribei"]
[Black "De Andrade, Thomaz Carleial"]
[Result "1/2-1/2"]
[WhiteElo "1416"]
[BlackElo "1108"]
[PlyCount "101"]
[EventDate "2018.03.02"]
[EventType "swiss"]
[EventRounds "6"]
[EventCountry "BRA"]
[SourceTitle "CBM 183 Extra"]
[Source "ChessBase"]
[SourceDate "2018.04.19"]
[SourceVersion "1"]
[SourceVersionDate "2018.04.19"]
[SourceQuality "1"]

1. d4 d5 2. c4 e6 3. Nf3 Nc6 4. Bf4 Nf6 5. e3 Bb4+ 6. Nbd2 Bd7 7. a3 Be7 8. h3 Bd6 9. Ne5 a6 10. Bd3 Na7 11. c5 Be7 12. g4 Bb5 13. Bc2 Nd7 14. a4 Bc6 15. Ndf3 Nxe5 16. Nxe5 b6 17. b4 Bf6 18. Nf3 Qd7 19. g5 Bd8 20. Ne5 Qe7 21. Qg4 Bd7 22. h4 Nc6 23. Rb1 Nxe5 24. Bxe5 f6 25. gxf6 gxf6 26. Qh5+ Qf7 27. Qxf7+ Kxf7 28. Bg3 h5 29. Kd2 c6 30. Rhg1 b5 31. a5 Rc8 32. f3 Bc7 33. Bxc7 Rxc7 34. Rg6 Be8 35. Rbg1 Ke7 36. Rg7+ Bf7 37. Bg6 Kf8 38. Bxf7 Rxf7 39. R7g6 Ke7 40. Ke2 Kf8 41. e4 dxe4 42. fxe4 Rhh7 43. Rg8+ Ke7 44. Ra8 Rhg7 45. Ra7+ Kf8 46. Rxf7+ Kxf7 47. Rxg7+ Kxg7 48. Ke3 Kf7 49. Kf4 Ke7 50. Ke3 Kd7 51. Kf4 1/2-1/2

[Event "Pocos de Caldas op"]
[Site "Pocos de Caldas"]
[Date "2018.03.03"]
[Round "4"]
[White "Da Silva, Tobias Gonzaga"]
[Black "Garcia, Erich Douglas Ribei"]
[Result "1-0"]
[WhiteElo "1732"]
[BlackElo "1416"]
[PlyCount "43"]
[EventDate "2018.03.02"]
[EventType "swiss"]
[EventRounds "6"]
[EventCountry "BRA"]
[SourceTitle "CBM 183 Extra"]
[Source "ChessBase"]
[SourceDate "2018.04.19"]
[SourceVersion "1"]
[SourceVersionDate "2018.04.19"]
[SourceQuality "1"]

1. e4 c6 2. d4 d5 3. exd5 cxd5 4. Bd3 Nc6 5. c3 e6 6. Nf3 Bd6 7. Bg5 Nge7 8. Bh4 Qb6 9. Qc2 h6 10. Bg3 Bxg3 11. hxg3 Bd7 12. Nbd2 0-0 13. b4 Rfe8 14. 0-0 f6 15. a4 Qc7 16. b5 Nd8 17. Rfe1 g5 18. c4 g4 19. Nh4 f5 20. c5 Qa5 21. Red1 Qc7 22. a5 1-0